| Поле | Инд. | ПП | Название | Значение |
|---|---|---|---|---|
| Тип записи | a | |||
| Библиографический уровень | m | |||
| 001 | Контрольный номер | 720aa857b7d3424e80b11ee1ad16818b | ||
| 005 | Дата корректировки | 20250520135713.0 | ||
| 020 | a | ISBN | 978-5-7995-1214-9 | |
| 040 | b | Код языка каталог. | rus | |
| e | Правила каталог. | PSBO | ||
| 041 | 0_ | a | Код языка текста | rus |
| 080 | a | Индекс УДК | 519.8 | |
| 090 | x | Авторский знак | Г 19 | |
| a | Полочн. индекс | 519 | ||
| 097 | b | Оператор | *Фа* | |
| 100 | 1_ | a | Автор | Ганичева А.В. |
| 245 | 10 | a | Заглавие | Методы и модели коллективного распознавания и оценивания объектов |
| b | Продолж. заглавия | монография | ||
| c | Ответственность | Тверской государственный технический университет | ||
| 260 | a | Место издания | Тверь | |
| b | Издательство | ТвГТУ | ||
| c | Дата издания | 2022 | ||
| 300 | a | Объем | 176 с. | |
| 516 | 8_ | a | Прим. о типе комп. файла/ данных | Текст : электронный |
| 520 | 0_ | a | Аннотация | Разработаны методы коллективного распознавания образов (объектов, сцен, сценариев, явлений и процессов) и методы оценки качества коллективных решений по результатам тестирования и экспертной информации. Построенные модели проиллюстрированы числовыми примерами, таблицами и графиками. Предназначена для научных сотрудников, преподавателей, аспирантов, магистров и студентов технических вузов. |
| 535 | 1_ | a | Хранилище | Сервер |
| 653 | 0_ | a | Ключевые слова | Распознавание объектов |
| a | Ключевые слова | Оценивание объектов | ||
| a | Ключевые слова | Алгоритмы распознавания | ||
| a | Ключевые слова | Качество тестирования | ||
| 655 | 07 | a | Жанр/ форма (устаревшее) | М |
| 700 | 12 | a | Другие авторы | Ганичев А.В. |
| 900 | a | Имя макрообъекта | 001-000148007-000000000-0000-0000-01 | |
| 900 | a | Имя макрообъекта | 001-000148007-000000000-0000-0000-03 | |
| 901 | t | Тип документа | m | |
| 905 | a | Дата создания записи | 08.06.22 | |
| 922 | c | Кафедра | Информатика и прикладная математика | |
| 951 | i | EL-ТГТУ? | Да | |
| 952 | a | Тип литературы для КСУ ВШ | М2 | |
| 990 | h | N записи в КСУ для Б/У (DOS) | 15/2022э |